La oportunidad de negocios en la base de la pirámide: un modelo de negocio rentable, que sirve a las comunidades más pobres
Spremljeno u:
| Glavni autor: | |
|---|---|
| Format: | Knjiga |
| Jezik: | španjolski |
| Izdano: |
Bogotá
Norma
2008
|
| Serija: | Verticales de Bolsillo Gerencia
|
| Teme: | |
| Oznake: |
Dodaj oznaku
Bez oznaka, Budi prvi tko označuje ovaj zapis!
|
MARC
| LEADER | 00000nam a2200000 a 4500 | ||
|---|---|---|---|
| 001 | UCH5660 | ||
| 003 | CL-VaPUC | ||
| 008 | 091015e20080000CK |||||||||||||||||spa|d | ||
| 020 | |a 9789584507709 | ||
| 082 | 0 | 4 | |a 338.91 |b PRA |2 21 |
| 100 | 0 | |a Prahalad, C. K |e author |9 541966 | |
| 245 | 1 | 3 | |a La oportunidad de negocios en la base de la pirámide: un modelo de negocio rentable, que sirve a las comunidades más pobres |
| 300 | |a 432 p | ||
| 942 | |c BK | ||
| 945 | |d 20091015 00:00:00 |a rbrito | ||
| 260 | |a Bogotá |b Norma |c 2008 | ||
| 650 | 0 | |a Crecimiento económico |9 314037 | |
| 650 | 0 | |a Pobreza |9 258652 | |
| 650 | 0 | |a Mercado |9 321497 | |
| 650 | 7 | |a PRODUCTOS Y SERVICIOS |2 CL-VaPUC |9 541967 | |
| 583 | |a last modification |c 20091015 00:00:00 |k Rodrigo Vera | ||
| 490 | 0 | |a Verticales de Bolsillo Gerencia | |
| 999 | |c 336762 |d 336760 | ||
| 952 | |0 0 |1 0 |4 0 |6 338_910000000000000_PRA_2008 |7 0 |8 A |9 428687 |a BIBGIM |b BIBGIM |d 2019-11-22 |i 4608267 |o 338.91 PRA 2008 |p 4608267 |r 2025-01-15 |w 2019-11-22 |y BK |k COM | ||